Paris géographie - Monuments #2 - Statistiques

Statistiques générales
  • Ce quiz a été pris 81 fois
  • Le résultat moyen est 8 sur 16
Statistiques - réponses
Par images Réponse % Correct
Cathédrale Notre-Dame de Paris
97%
Panthéon
86%
Palais de l'Elysée
82%
Hôtel de Ville
72%
Palais Bourbon
68%
Grand Palais
63%
Palais de Chaillot
61%
Hôtel des Invalides
58%
Hôtel de Matignon
53%
Grande mosquée de Paris
50%
Palais du Luxembourg
33%
Palais Brongniart
32%
Académie française
28%
Eglise Saint-Eustache
25%
Ecole militaire
22%
Eglise Saint-Paul-Saint-Louis
10%
Aucun quiz correspondant
Distribution des résultats
% des personnes avec chaque résultat
Percentile par nombre de réponses
Votre historique - résultats
Vous n’avez pas pris ce quiz